Welcome to CU Library Online Public Access Catalogue (OPAC)

Principles and Labs for Fitness and Wellness/ (Record no. 2929)

MARC details
000 -LEADER
fixed length control field 00555nam a22001697a 4500
005 - DATE AND TIME OF LATEST TRANSACTION
control field 20250123134842.0
008 - FIXED-LENGTH DATA ELEMENTS--GENERAL INFORMATION
fixed length control field 250123b |||||||| |||| 00| 0 eng d
020 ## - INTERNATIONAL STANDARD BOOK NUMBER
International Standard Book Number 9780534589516
050 ## - LIBRARY OF CONGRESS CALL NUMBER
Classification number RA781
Item number .H59
100 ## - MAIN ENTRY--PERSONAL NAME
Personal name Hoeger, Werner W. K.
245 ## - TITLE STATEMENT
Title Principles and Labs for Fitness and Wellness/
Remainder of title instructor's edition
Statement of responsibility, etc. Werner W. K. Hoeger, Sharon A. Hoeger
250 ## - EDITION STATEMENT
Edition statement 6th ed.
260 ## - PUBLICATION, DISTRIBUTION, ETC.
Place of publication, distribution, etc. Australia
Name of publisher, distributor, etc. Wadsworth Thomson Learning
Date of publication, distribution, etc. 2002
300 ## - PHYSICAL DESCRIPTION
Extent xiv. 450p.
Other physical details ill. color
Dimensions 27.5cm
700 ## - ADDED ENTRY--PERSONAL NAME
Personal name Hoeger, Sharon A.
942 ## - ADDED ENTRY ELEMENTS (KOHA)
Source of classification or shelving scheme Library of Congress Classification
Koha item type Books
Edition 6th ed.
Suppress in OPAC No
999 ## -
-- 2929
-- 2929
Holdings
Withdrawn status Lost status Source of classification or shelving scheme Damaged status Not for loan Collection Home library Current library Shelving location Date acquired Total checkouts Full call number Barcode Date last seen Copy number Price effective from Koha item type
    Library of Congress Classification     Non-fiction Science Library (Miotso) Science Library (Miotso) General stacks 01/23/2025   RA781 .H59 HOE SLM00002331 01/23/2025 1 01/23/2025 Books
© 2023-2024 Copyright: Central University Libraries. All Rights Reserved | Created by: Mahone Tech Office